| 000 | 00482nam a2200193Ia 4500 | ||
|---|---|---|---|
| 003 | GCL | ||
| 008 | 140319s9999 xx 000 0 eng d | ||
| 040 |
_aGCL / _cGCL |
||
| 082 | 0 | 4 |
_a843 _bC S |
| 100 | 1 | _aCOLOMBEL, JANNETTE | |
| 245 | 1 | 0 |
_aSARTRE / _cCOLOMBEL, JANNETTE |
| 260 |
_a[S.N] : _bLE LIVRE DE POCHE ، _c1985 |
||
| 300 | _a762 P | ||
| 650 | 0 | 4 | _aENGLISH LITERATURE |
| 650 | 0 | 4 | _aLITERATURE |
| 650 | 0 | 4 | _aSARTRE, JEAN-PAUL |
| 650 | 0 | 4 | _aBIOGRAPHIES |
| 942 |
_2ddc _cBK |
||
| 999 |
_c24690 _d24690 |
||